Los caranchos de la florida /

Guardado en:
Autor Principal: Lynch, Benito
Formato: Libro
Publicado: Buenos Aires : Troquel, 1978
Edición:10a. ed.
Materias:
Etiquetas: Agregar Etiqueta
Sin Etiquetas, Sea el primero en etiquetar este registro!
LEADER 00891nam a22002535a 4500
001 CEM.cems003989
005 20101202113240.0
008 130507s1978##################000#0#####d
003 CEMS
082 0 4 |a A863.4 
100 1 |a Lynch, Benito 
245 1 0 |a Los caranchos de la florida /  |c Benito Lynch 
250 |a 10a. ed. 
260 |a Buenos Aires :  |b Troquel,  |c 1978 
300 |a 220 p. 
653 |a Literatura 
653 |a Literatura argentina 
653 |a Novelas 
653 |a Novela argentina-siglo 20 
859 |a CEMS  |b BIB. CEMS - 11 de abril  |h A863.4  |i L634-2a10  |p 6651.79  |t Ej.1 
859 |a CEMS  |b BIB. CEMS - 11 de abril  |h A863.4  |i L634-2a10  |p 6652.79  |t Ej.2 
859 |a CEMS  |b BIB. CEMS - 11 de abril  |h A863.4  |i L634-2a10  |p 6653.79  |t Ej.3 
859 |a CEMS  |b BIB. CEMS - 11 de abril  |h A863.4  |i L634-2a10  |p 8360.80  |t Ej.4 
859 |a CEMS  |b BIB. CEMS - 11 de abril  |h A863.4  |i L634-2a10  |p 8367.80  |t Ej.11